[Event "Detroit (Pan Am/1)"]
[Site "?"]
[Date "1992.??.??"]
[Round "?"]
[White "Conlon, Russell"]
[Black "Mackert, C."]
[Result "1-0"]
[WhiteElo "1805"]
[BlackElo "1605"]
[PlyCount "57"]
[EventDate "1992.??.??"]

1. Nf3 d5 2. b4 c6 3. e3 Bf5 4. c4 e6 5. Bb2 Nf6 6. d3 Nbd7 7. d4 h6 8. Nbd2
Ne4 9. Be2 g5 10. Ne5 Nxe5 11. dxe5 Nxd2 12. Qxd2 g4 13. cxd5 Qxd5 14. Qxd5
exd5 15. e6 Rg8 16. exf7+ Kxf7 17. Rd1 Bg7 18. Bxg7 Rxg7 19. O-O h5 20. f3 Ke7
21. Rd4 gxf3 22. Bxf3 Bg4 23. Bxg4 hxg4 24. Rff4 Rag8 25. e4 dxe4 26. Rfxe4+
Kf6 27. Rd6+ Kf5 28. Rde6 Kg5 29. R4e5+ 1-0

[Event "Detroit (Pan Am/5)"]
[Site "?"]
[Date "1992.??.??"]
[Round "?"]
[White "Conlon, Russell"]
[Black "Levadi, David"]
[Result "1/2-1/2"]
[WhiteElo "1805"]
[BlackElo "1995"]
[PlyCount "70"]
[EventDate "1992.??.??"]

1. Nf3 Nf6 2. b4 e5 3. Nxe5 Bxb4 4. a3 Be7 5. e3 d5 6. Bb2 O-O 7. Be2 Bf5 8.
O-O Nc6 9. f4 Qc8 10. Nxc6 bxc6 11. Qc1 Rb8 12. Nc3 Re8 13. Bd3 Bxd3 14. cxd3
Qf5 15. d4 c5 16. dxc5 Bxc5 17. Na4 Bd6 18. Bd4 Nd7 19. Nc5 Rb5 20. Nxd7 Qxd7
21. Rf3 c5 22. Bc3 Qf5 23. Rg3 g6 24. Qf1 Reb8 25. d3 c4 26. e4 dxe4 27. dxc4
Rb3 28. Be5 Bxe5 29. Rxb3 Rxb3 30. fxe5 Qxf1+ 31. Kxf1 Rc3 32. Rb1 Rxc4 33.
Rb8+ Kg7 34. Rb7 Kf8 35. Rxa7 Rc5 1/2-1/2

[Event "Flint (Class B/2)"]
[Site "?"]
[Date "1992.??.??"]
[Round "?"]
[White "Conlon, Russell"]
[Black "Jordan, Willie"]
[Result "1-0"]
[WhiteElo "1720"]
[BlackElo "1675"]
[PlyCount "69"]
[EventDate "1992.??.??"]

1. Nf3 d5 2. b4 Nd7 3. Bb2 Ngf6 4. e3 c6 5. Be2 Qc7 6. d4 e6 7. a3 Bd6 8. Nbd2
b6 9. c4 c5 10. cxd5 exd5 11. dxc5 bxc5 12. bxc5 Qxc5 13. Nb3 Qb6 14. O-O O-O
15. Bd4 Qd8 16. Bb5 Qe7 17. Na5 Nb6 18. Nc6 Qe6 19. Bxb6 axb6 20. Ncd4 Qe4 21.
Bd3 Qg4 22. a4 Qh5 23. Ne2 Bb7 24. Ng3 Qg4 25. Bf5 Qb4 26. Qd4 Qa5 27. Rfb1 Bc5
28. Qh4 h6 29. Bh3 Bc6 30. Nf5 Rfd8 31. Nxh6+ Kf8 32. Nxf7 Kxf7 33. Ne5+ Kf8
34. Nxc6 Qc3 35. Qh8+ 1-0

[Event "Flint (Class B/4)"]
[Site "?"]
[Date "1992.??.??"]
[Round "?"]
[White "Conlon, Russell"]
[Black "Brooks, Brion"]
[Result "1-0"]
[WhiteElo "1720"]
[BlackElo "1725"]
[PlyCount "119"]
[EventDate "1992.??.??"]

1. Nf3 Nf6 2. b4 e6 3. a3 Be7 4. e3 O-O 5. Be2 b6 6. O-O c5 7. b5 a6 8. c4 axb5
9. cxb5 d5 10. Bb2 Nbd7 11. d4 c4 12. Nfd2 Qc7 13. f4 Bd6 14. Nc3 Bb7 15. Qe1
Ra5 16. Bf3 Rfa8 17. Ndb1 Ne4 18. Bxe4 dxe4 19. Ra2 Nf6 20. Bc1 Qe7 21. Qh4
Bxa3 22. Bxa3 Rxa3 23. Rxa3 Rxa3 24. Nxa3 Qxa3 25. Qe1 Nd5 26. Nxd5 Bxd5 27.
Qc1 Qb3 28. Rf2 Qd3 29. Rc2 Qb3 30. Rb2 Qa3 31. Rb1 Qa5 32. Kf2 h6 33. Qc2 Qa3
34. Qb2 Qe7 35. Kg1 Qc7 36. Rc1 Qd7 37. Qb4 Qa7 38. Qb2 Qd7 39. Rc3 Qe7 40. Ra3
g5 41. fxg5 hxg5 42. Ra6 Qc7 43. Qc3 Kg7 44. Ra1 f5 45. g3 Kg6 46. Ra2 Qd7 47.
Qb4 c3 48. Rc2 f4 49. gxf4 gxf4 50. Rg2+ Kf6 51. Qxc3 f3 52. Rg3 Kf5 53. Qb2
Qc7 54. Kf2 Qc4 55. h4 Qd3 56. h5 Bc4 57. Rg1 Bxb5 58. h6 Qc4 59. h7 Qc8 60.
Rg8 1-0

[Event "Ann Arbor (Holiday Op)"]
[Site "?"]
[Date "1992.??.??"]
[Round "?"]
[White "Collins, L."]
[Black "Lovejoy, J."]
[Result "1-0"]
[WhiteElo "1605"]
[BlackElo "1605"]
[PlyCount "98"]
[EventDate "1992.??.??"]

1. e4 e5 2. Nf3 Nc6 3. Nc3 Bc5 4. Bb5 Nd4 5. Nxe5 Nxb5 6. Nxb5 a6 7. Nc3 Bd4 8.
Nf3 Bxc3 9. dxc3 d6 10. h3 Qe7 11. Qd4 f6 12. O-O Bd7 13. Be3 Nh6 14. b4 Bc6
15. Nd2 O-O 16. Bxh6 gxh6 17. Rfe1 Rae8 18. a4 Qg7 19. c4 Re5 20. Nf3 Re6 21.
b5 Bd7 22. Ra3 Re7 23. Nd2 Kh8 24. Qd5 axb5 25. axb5 Re5 26. Qxb7 Rg5 27. e5
fxe5 28. Kf1 Bf5 29. b6 cxb6 30. Qxg7+ Rxg7 31. Rb3 Rb7 32. Rc1 h5 33. Nf3 Be6
34. Rb4 Rf4 35. Nd2 d5 36. c3 dxc4 37. Nf3 Rf5 38. Rb5 e4 39. Rxf5 Bxf5 40. Nd4
Bg6 41. Nb5 Rd7 42. Re1 Kg7 43. Re3 Rd3 44. Rxd3 exd3 45. Nd6 Bf7 46. Ke1 Bd5
47. g3 Kf6 48. Nc8 b5 49. Nb6 Bc6 1-0

[Event "Ann Arbor (Holiday Op)"]
[Site "?"]
[Date "1992.??.??"]
[Round "?"]
[White "Collins, L."]
[Black "Lewis, C."]
[Result "0-1"]
[WhiteElo "1605"]
[BlackElo "1605"]
[PlyCount "46"]
[EventDate "1992.??.??"]

1. e4 e6 2. d4 d5 3. e5 c5 4. Nf3 Nc6 5. Bb5 Bd7 6. O-O cxd4 7. Nxd4 Nxe5 8.
Bf4 Ng6 9. Bg3 Bc5 10. Bxd7+ Qxd7 11. Nb3 Bb6 12. c3 Nf6 13. h3 O-O 14. N1d2
Rfe8 15. Re1 e5 16. Qf3 e4 17. Qe2 e3 18. Qf3 exd2 19. Rxe8+ Rxe8 20. Nxd2 Ne4
21. Nxe4 dxe4 22. Qe2 e3 23. Rd1 exf2+ 0-1

[Event "Ann Arbor (Holiday Op)"]
[Site "?"]
[Date "1992.??.??"]
[Round "?"]
[White "Collins, J."]
[Black "Tobias, Philip"]
[Result "0-1"]
[WhiteElo "1605"]
[BlackElo "1605"]
[PlyCount "120"]
[EventDate "1992.??.??"]

1. e4 c6 2. Nf3 d5 3. e5 Bg4 4. h3 Bxf3 5. Qxf3 Nd7 6. d4 e6 7. c4 Ne7 8. Bg5
Qb6 9. c5 Qxb2 10. Qc3 Qxc3+ 11. Nxc3 Nf5 12. Rd1 f6 13. g4 fxg5 14. gxf5 exf5
15. Rg1 Be7 16. Bd3 O-O 17. e6 Nf6 18. Bxf5 Nh5 19. Bg4 Nf4 20. Ne2 h5 21. Nxf4
Rxf4 22. Bxh5 Re4+ 23. Kf1 Rxe6 24. Bg4 Re4 25. f3 Rf4 26. Re1 Bf6 27. Be6+ Kh7
28. Rg4 Rxg4 29. fxg4 Bxd4 30. Bf5+ g6 31. Re7+ Kh6 32. Bd3 Rb8 33. Re6 Rf8+
34. Kg2 Rf6 35. Rxf6 Bxf6 36. Kf3 Kg7 37. Ke3 Be7 38. Kd4 b6 39. cxb6 axb6 40.
a4 Kf6 41. Bc2 Bc5+ 42. Kd3 Ke5 43. Ke2 Kf4 44. Bxg6 Kg3 45. Be8 Kxh3 46. Kf3
d4 47. Bxc6 d3 48. a5 bxa5 49. Ba4 d2 50. Bd1 Kh2 51. Ke4 Kg3 52. Kf5 Be3 53.
Bc2 Kf2 54. Ke4 Bc5 55. Kd3 Ke1 56. Kc4 Bb4 57. Kd3 d1=Q+ 58. Bxd1 Kxd1 59. Kd4
Kd2 60. Kc4 Ke3 0-1

[Event "Detroit (Pan Am/6)"]
[Site "?"]
[Date "1992.??.??"]
[Round "?"]
[White "Collins, Charles"]
[Black "Robbins, Fred"]
[Result "0-1"]
[WhiteElo "1760"]
[BlackElo "1945"]
[PlyCount "76"]
[EventDate "1992.??.??"]

1. d4 Nf6 2. c4 c5 3. d5 Ne4 4. Qc2 Qa5+ 5. Nd2 Nd6 6. e4 e6 7. Ngf3 g6 8. Bd3
Bg7 9. O-O O-O 10. Nb3 Qb6 11. Be3 Na6 12. a3 Qc7 13. Rab1 exd5 14. exd5 Ne8
15. Nbd2 d6 16. Bf4 Nf6 17. Rfe1 Bd7 18. Re7 Rae8 19. Rbe1 Rxe7 20. Rxe7 Re8
21. Rxe8+ Bxe8 22. Ng5 Qe7 23. Nge4 Nxe4 24. Nxe4 Be5 25. Qd2 Nb8 26. b4 b6 27.
Qe3 Nd7 28. Qg3 Kg7 29. h4 h6 30. Bc2 Bxf4 31. Qxf4 Ne5 32. Nd2 Qf6 33. Qg3 Bd7
34. Ne4 Qe7 35. Nd2 Ng4 36. Ne4 Ne5 37. Nd2 f5 38. Qe3 Qxh4 0-1

[Event "Detroit (MOR/7/57)"]
[Site "?"]
[Date "1992.??.??"]
[Round "?"]
[White "Collins, Charles"]
[Black "Papanichola, D."]
[Result "1-0"]
[WhiteElo "1740"]
[BlackElo "1605"]
[PlyCount "99"]
[EventDate "1992.??.??"]

{7/(57)} 1. Nf3 Nf6 2. c4 d6 3. d4 c5 4. g3 g6 5. Bg2 Bg7 6. O-O O-O 7. Nc3 Bd7
8. dxc5 dxc5 9. Qc2 Nc6 10. Rd1 Qc8 11. Be3 b6 12. Bf4 Rd8 13. a3 Qa6 14. b3
Bg4 15. Nb5 Ne8 16. Rxd8 Rxd8 17. Rd1 Rxd1+ 18. Qxd1 Bxf3 19. Bxf3 Nd4 20. Nxd4
Bxd4 21. Bg5 Qxa3 22. Bxe7 Qa1 23. Qxa1 Bxa1 24. Bc6 Nc7 25. Bd6 Ne6 26. Bb8
Nd4 27. Ba4 a6 28. e3 b5 29. cxb5 axb5 30. exd4 bxa4 31. bxa4 c4 32. d5 c3 33.
Bf4 c2 34. a5 Be5 35. Bc1 Bc7 36. a6 Bb6 37. Kf1 Kf8 38. Ke2 Ke7 39. Ba3+ Kd7
40. f4 Bc5 41. Bc1 Kd6 42. Kd3 Kxd5 43. Kxc2 Ke4 44. Kc3 h5 45. Kc4 Bf2 46. Ba3
h4 47. Bc5 hxg3 48. hxg3 Bxg3 49. a7 Kxf4 50. Bd6+ 1-0

[Event "Detroit (MOR/5/54)"]
[Site "?"]
[Date "1992.??.??"]
[Round "?"]
[White "Collins, Charles"]
[Black "Kamberi, Sonny"]
[Result "1-0"]
[WhiteElo "1740"]
[BlackElo "1605"]
[PlyCount "133"]
[EventDate "1992.??.??"]

{5/(54)} 1. d4 Nf6 2. c4 g6 3. Nc3 d5 4. g3 Bg7 5. Bg2 c6 6. Nf3 O-O 7. O-O
Nbd7 8. cxd5 cxd5 9. Ne5 Nb6 10. e3 Nfd7 11. Nd3 Nf6 12. Qb3 e6 13. Rd1 Nc4 14.
Bd2 b6 15. Rac1 Bb7 16. a4 Rc8 17. Qa2 Re8 18. b3 Nd6 19. Rc2 a6 20. Rdc1 Re7
21. Ne5 Rec7 22. b4 Nc4 23. Nxc4 Rxc4 24. Ne2 Rxc2 25. Rxc2 Rc7 26. a5 b5 27.
Qb2 Ne8 28. Qc1 Rxc2 29. Qxc2 Qc8 30. Qxc8 Bxc8 31. Nc1 Nd6 32. Nd3 Nc4 33. Be1
Bf8 34. Nc5 Bg7 35. Kf1 Kf8 36. Ke2 Ke7 37. Kd3 Kd6 38. f3 e5 39. dxe5+ Bxe5
40. f4 Bg7 41. e4 dxe4+ 42. Bxe4 Nxa5 43. Bc3 Bxc3 44. Kxc3 Nc6 45. Nb3 Be6 46.
Nc5 a5 47. Nb7+ Kc7 48. Nxa5 Nxa5 49. bxa5 Bc4 50. Kb4 f5 51. Bf3 Bd3 52. Bd5
Be2 53. Kc5 Bd3 54. a6 Be4 55. Bg8 h6 56. Kxb5 g5 57. Kc5 Bd3 58. Bc4 Be4 59.
a7 gxf4 60. gxf4 Kb7 61. Bd5+ Kxa7 62. Bxe4 fxe4 63. Kd4 e3 64. Kxe3 Kb7 65.
Ke4 Kc7 66. Ke5 Kd7 67. Kf6 1-0

[Event "Detroit (MOR/1b/36)"]
[Site "?"]
[Date "1992.??.??"]
[Round "?"]
[White "Collins, Charles"]
[Black "Edwards, D."]
[Result "1-0"]
[WhiteElo "1740"]
[BlackElo "1605"]
[PlyCount "67"]
[EventDate "1992.??.??"]

1. d4 d5 2. c4 Nf6 3. g3 e6 4. Bg2 Bb4+ 5. Bd2 a5 6. Nf3 dxc4 7. O-O O-O 8. Qc2
b5 9. a4 Ba6 10. axb5 Bxd2 11. Nbxd2 Bxb5 12. Nxc4 c6 13. Rfc1 h6 14. e3 Ra6
15. Nfe5 Nd5 16. Qd2 Nb4 17. Nxa5 Rxa5 18. Qxb4 Rxa1 19. Rxa1 Na6 20. Qc3 Qd6
21. Nxc6 Rc8 22. Ne7+ Qxe7 23. Qxc8+ Kh7 24. Rxa6 Bxa6 25. Qxa6 Qb4 26. Qd3+ g6
27. b3 Qe1+ 28. Bf1 Qa5 29. Qc4 Qd5 30. b4 Kg8 31. Qc8+ Kg7 32. b5 e5 33. dxe5
Qxe5 34. b6 1-0

[Event "Detroit (Pan Am/4)"]
[Site "?"]
[Date "1992.??.??"]
[Round "?"]
[White "Collins, Charles"]
[Black "Drkulec, Vladimir"]
[Result "0-1"]
[WhiteElo "1760"]
[BlackElo "2120"]
[PlyCount "62"]
[EventDate "1992.??.??"]

1. f4 d5 2. Nf3 g6 3. d3 Bg7 4. g3 c5 5. Bg2 Nh6 6. O-O O-O 7. Qe1 d4 8. c3 Nc6
9. h3 f5 10. e4 dxc3 11. Nxc3 Qxd3 12. e5 Nb4 13. Qd1 Qxd1 14. Rxd1 Nf7 15. Be3
Nc2 16. Nd5 Nxa1 17. Nxe7+ Kh8 18. Rxa1 b6 19. Ng5 Rb8 20. Rd1 Nxg5 21. fxg5
Bb7 22. e6 Bxg2 23. Kxg2 Rb7 24. Nc6 Re8 25. Nd8 Rbe7 26. Bf4 Bxb2 27. Nf7+ Kg7
28. Nd8 Bd4 29. Bd6 Rxe6 30. Nxe6+ Rxe6 31. Bb8 Re2+ 0-1

[Event "Detroit (MOR/3/54)"]
[Site "?"]
[Date "1992.??.??"]
[Round "?"]
[White "Collins, Charles"]
[Black "Burwell, Norman"]
[Result "1-0"]
[WhiteElo "1740"]
[BlackElo "1605"]
[PlyCount "101"]
[EventDate "1992.??.??"]

{3/(54)} 1. d4 d5 2. c4 e6 3. g3 Nf6 4. Bg2 c6 5. Nf3 Nbd7 6. O-O Be7 7. Qc2 h6
8. Rd1 O-O 9. Nc3 Nh7 10. Bd2 b6 11. Rac1 Bb7 12. a3 Rc8 13. b4 Bf6 14. e4 dxc4
15. e5 Be7 16. Ne4 b5 17. Nc5 Qc7 18. Qe4 Nb6 19. Qg4 Kh8 20. Nh4 Bxc5 21. dxc5
Nd5 22. f4 Rce8 23. Be4 f5 24. exf6 Ndxf6 25. Ng6+ Kg8 26. Qf3 Nxe4 27. Nxf8
Nxd2 28. Rxd2 Nxf8 29. Rcd1 Bc8 30. Qh5 Re7 31. Rd8 Bd7 32. Ra8 Bc8 33. Rd6 Nd7
34. Qg6 Nf6 35. h4 Ne8 36. Rd1 Kf8 37. g4 Qb7 38. Rxc8 Qxc8 39. g5 hxg5 40.
hxg5 Rf7 41. Qh5 Qc7 42. g6 Rf5 43. Qh8+ Ke7 44. Qh4+ Nf6 45. Qh8 Nh5 46. Rd6
Kf6 47. Qf8+ Kxg6 48. Rxe6+ Nf6 49. Re7 Nh5 50. Qe8+ Kh6 51. Rxc7 1-0

[Event "Detroit (Pan Am/2)"]
[Site "?"]
[Date "1992.??.??"]
[Round "?"]
[White "Collins, Charles"]
[Black "Burdick, B."]
[Result "0-1"]
[WhiteElo "1760"]
[BlackElo "2035"]
[PlyCount "112"]
[EventDate "1992.??.??"]

1. d4 Nf6 2. c4 c5 3. Nf3 cxd4 4. Nxd4 e6 5. Nc3 Bb4 6. Ndb5 d5 7. Qa4 Nc6 8.
e3 Bd7 9. Be2 a6 10. Na3 dxc4 11. O-O O-O 12. Rd1 b5 13. Qc2 Qe7 14. Ne4 Rfe8
15. Nxf6+ Qxf6 16. Bd2 e5 17. Bxb4 Nxb4 18. Qc3 Nc6 19. Nc2 Qe7 20. a4 Be6 21.
axb5 axb5 22. Rxa8 Rxa8 23. b4 f6 24. Bf3 Rc8 25. Bd5 Rd8 26. Bxe6+ Qxe6 27.
Rxd8+ Nxd8 28. Qd2 Nb7 29. e4 Qc6 30. f3 Kf7 31. Kf2 Ke6 32. Qc3 Qd6 33. Ke2
Nd8 34. Qd2 Nc6 35. Qxd6+ Kxd6 36. Ke3 g6 37. g3 f5 38. h3 Ke6 39. f4 h6 40. h4
Kf6 41. exf5 Kxf5 42. fxe5 Kxe5 43. g4 g5 44. hxg5 hxg5 45. Na3 Nd4 46. Kd2 Kf4
47. Kc3 Ke3 48. Nb1 Ne2+ 49. Kc2 Kd4 50. Na3 Nc3 51. Kd2 Ne4+ 52. Ke2 Nd6 53.
Kd2 Ke4 54. Nc2 Kf4 55. Ne3 Ne4+ 56. Ke2 Nf6 0-1

[Event "Lansing (Apr)"]
[Site "?"]
[Date "1992.??.??"]
[Round "?"]
[White "Clough, E."]
[Black "Spencer, Gordon"]
[Result "0-1"]
[WhiteElo "1605"]
[BlackElo "1605"]
[PlyCount "74"]
[EventDate "1992.??.??"]

1. e4 c5 2. Nf3 d6 3. d4 cxd4 4. Nxd4 Nc6 5. Bb5 Bd7 6. Ba4 g6 7. O-O Bg7 8. c3
e6 9. f4 Nge7 10. Be3 O-O 11. Nd2 a6 12. N2f3 Rc8 13. Rc1 b5 14. Bb3 Na5 15. a3
Qb6 16. Re1 Qb7 17. Bc2 Nc4 18. b4 Nxa3 19. Bf2 Rxc3 20. Qd2 Rfc8 21. Re3 Nb1
22. Rxb1 R3c7 23. Rbe1 e5 24. fxe5 dxe5 25. Nb3 Rxc2 26. Na5 Qc7 27. Qd1 Rc1
28. Qxc1 Qxc1 29. Rxc1 Rxc1+ 30. Be1 Bh6 31. Rd3 Bg4 32. Nxe5 Rxe1+ 33. Kf2
Rxe4 34. Nxg4 Rxg4 35. h3 Rf4+ 36. Kg3 Rxb4 37. Rd6 Bf4+ 0-1

[Event "East Lansing (MI Am/3)"]
[Site "?"]
[Date "1992.??.??"]
[Round "?"]
[White "Clough, E."]
[Black "Spencer, Gordon"]
[Result "0-1"]
[WhiteElo "1605"]
[BlackElo "1605"]
[PlyCount "70"]
[EventDate "1992.??.??"]

1. e4 c5 2. Nf3 d6 3. d4 cxd4 4. Nxd4 Nf6 5. Nc3 e5 6. Nf3 Nc6 7. Bb5 Bd7 8.
O-O Be7 9. b3 Rc8 10. Bd2 O-O 11. a4 a6 12. Bxc6 Bxc6 13. Qe2 d5 14. Nxe5 Nxe4
15. Nxe4 dxe4 16. Be3 Qc7 17. Nxc6 Qxc6 18. c4 f5 19. f4 Bc5 20. Bxc5 Qxc5+ 21.
Kh1 e3 22. Rf3 Rfe8 23. Re1 Rcd8 24. h3 Rd2 25. Qxd2 exd2 26. Rxe8+ Kf7 27. Rd8
Qe7 28. Rxd2 Qe1+ 29. Kh2 Qxd2 30. c5 Ke6 31. Rg3 Qxf4 32. h4 Qxh4+ 33. Rh3
Qf4+ 34. Rg3 g6 35. Kh3 Qh6# 0-1

[Event "East Lansing (MI Am/1)"]
[Site "?"]
[Date "1992.??.??"]
[Round "?"]
[White "Clough, E."]
[Black "Nixon, Peter"]
[Result "0-1"]
[WhiteElo "1605"]
[BlackElo "1605"]
[PlyCount "52"]
[EventDate "1992.??.??"]

1. e4 c5 2. Nf3 Nc6 3. d4 cxd4 4. Nxd4 g6 5. c4 Bg7 6. Nb3 Nf6 7. Nc3 O-O 8.
Be2 b6 9. O-O Bb7 10. Re1 Rc8 11. a4 Ne5 12. Nd2 e6 13. Qc2 d5 14. cxd5 exd5
15. Bd3 d4 16. Ra3 dxc3 17. Rxc3 Re8 18. b3 Rxc3 19. Qxc3 Nxd3 20. Re2 Nxe4 21.
Qc4 Nxc1 22. Qxc1 Nxd2 23. Rxe8+ Qxe8 24. Qxd2 Qe4 25. f3 Bd4+ 26. Kh1 Qb1+ 0-1

[Event "Detroit (MOR/6/103)"]
[Site "?"]
[Date "1992.??.??"]
[Round "?"]
[White "Clark, M."]
[Black "Vangilder, W."]
[Result "1/2-1/2"]
[WhiteElo "1605"]
[BlackElo "1605"]
[PlyCount "52"]
[EventDate "1992.??.??"]

{6/(103)} 1. e4 Nc6 2. d4 d5 3. Nc3 dxe4 4. Bb5 Bd7 5. Nxe4 a6 6. Ba4 e6 7. Nf3
h6 8. a3 Nf6 9. Ng3 Bd6 10. Ne2 O-O 11. O-O Re8 12. c4 b5 13. cxb5 axb5 14.
Bxb5 Ne7 15. Bd3 Ned5 16. Bd2 Qb8 17. Qc1 Bb5 18. Bxb5 Qxb5 19. Nc3 Qb8 20. Re1
c6 21. Nxd5 cxd5 22. Ne5 Ne4 23. Bf4 Rc8 24. Qe3 Qxb2 25. Nd3 Bxf4 26. Qxf4
Qxd4 1/2-1/2

[Event "Detroit (Pan Am/5)"]
[Site "?"]
[Date "1992.??.??"]
[Round "?"]
[White "Clark, M."]
[Black "Spangler, Richard"]
[Result "1-0"]
[WhiteElo "1605"]
[BlackElo "1605"]
[PlyCount "47"]
[EventDate "1992.??.??"]

1. e4 c6 2. d4 d5 3. Nc3 dxe4 4. Nxe4 Nd7 5. Nf3 Ngf6 6. Bd3 e6 7. Bg5 Be7 8.
O-O O-O 9. Ne5 Nxe4 10. Bxe7 Qxe7 11. Bxe4 Nxe5 12. dxe5 Rd8 13. Qh5 h6 14.
Rfe1 Rb8 15. Re3 Bd7 16. Rg3 Kh8 17. Qg4 f5 18. exf6 Qxf6 19. c3 c5 20. Rf3 e5
21. Bf5 Qe7 22. Qh5 Be8 23. Bg6 Qd7 24. Rf8# 1-0

[Event "Detroit (MOR/2/105)"]
[Site "?"]
[Date "1992.??.??"]
[Round "?"]
[White "Clark, M."]
[Black "Robinson, Don"]
[Result "1-0"]
[WhiteElo "1605"]
[BlackElo "1605"]
[PlyCount "29"]
[EventDate "1992.??.??"]

{2/(105)} 1. e4 c5 2. Nf3 Nc6 3. d4 cxd4 4. Nxd4 e5 5. Nb3 Nf6 6. Nc3 Bb4 7.
Bc4 Bxc3+ 8. bxc3 O-O 9. Bg5 h6 10. Bh4 g5 11. Bg3 Nxe4 12. Qd3 Nxg3 13. Qg6+
Kh8 14. Qxh6+ Kg8 15. hxg3 1-0

[Event "Detroit (Pan Am/6)"]
[Site "?"]
[Date "1992.??.??"]
[Round "?"]
[White "Clark, M."]
[Black "Pavlovich, J."]
[Result "1/2-1/2"]
[WhiteElo "1605"]
[BlackElo "1650"]
[PlyCount "111"]
[EventDate "1992.??.??"]

1. e4 c5 2. Nf3 a6 3. d4 cxd4 4. Nxd4 e5 5. Nf3 Nf6 6. Nc3 Bb4 7. Bc4 Bxc3+ 8.
bxc3 Qc7 9. Bb3 Qxc3+ 10. Bd2 Qc5 11. O-O d6 12. Be3 Qc7 13. Ng5 O-O 14. Qf3 h6
15. Nh3 Bg4 16. Qg3 Bxh3 17. Bxh6 Bg4 18. Bg5 Nxe4 19. Qxg4 Nxg5 20. Qxg5 Nc6
21. c3 Ne7 22. Rad1 b5 23. Rd3 Rac8 24. Rg3 g6 25. Qf6 Nd5 26. Bxd5 Rfe8 27.
Qxg6+ Kf8 28. Rf3 Re7 29. Qh6+ Ke8 30. Rg3 Kd7 31. Qh3+ Kd8 32. Rg8+ Re8 33.
Rg7 Rf8 34. Rd1 Qe7 35. Qe3 Rc5 36. Qf3 Ke8 37. Bc6+ Kd8 38. Bd5 Ke8 39. Bxf7+
Rxf7 40. Qa8+ Kd7 41. Rxf7 Qxf7 42. Qa7+ Rc7 43. Qxa6 Rc6 44. Qb7+ Rc7 45.
Qxb5+ Kc8 46. Qa6+ Rb7 47. Qxd6 Qg8 48. Qc5+ Rc7 49. Qxe5 Qxa2 50. Qf5+ Kb7 51.
h3 Rf7 52. Qb5+ Kc7 53. Qc5+ Kb7 54. Qb5+ Kc7 55. Qc5+ Kb7 56. Qb5+ 1/2-1/2

[Event "Detroit (MOR/4/99)"]
[Site "?"]
[Date "1992.??.??"]
[Round "?"]
[White "Clark, M."]
[Black "Davis, Ralph"]
[Result "0-1"]
[WhiteElo "1605"]
[BlackElo "1605"]
[PlyCount "104"]
[EventDate "1992.??.??"]

{4/(99)} 1. e4 c5 2. Nf3 d6 3. d4 cxd4 4. Nxd4 Nf6 5. Nc3 a6 6. Bg5 e6 7. f4
Be7 8. e5 dxe5 9. fxe5 Nfd7 10. Bxe7 Qxe7 11. Nf3 Nc6 12. Qe2 b5 13. a3 Bb7 14.
O-O-O Rd8 15. Ne4 O-O 16. Nd6 Ba8 17. h4 h6 18. g4 Na5 19. h5 Bxf3 20. Qxf3
Nxe5 21. Qe4 Rxd6 22. Rxd6 Qxd6 23. Be2 Nac4 24. Bxc4 Nxc4 25. Rd1 Qc5 26. b4
Qe3+ 27. Qxe3 Nxe3 28. Rg1 Rc8 29. g5 hxg5 30. Rxg5 Rxc2+ 31. Kb1 Rh2 32. Re5
Nf5 33. Rc5 Rxh5 34. Rc6 Rh1+ 35. Kb2 Rh2+ 36. Kb1 Rh6 37. Rxa6 e5 38. Ra5 Nd4
39. Kb2 Re6 40. Ra8+ Kh7 41. Ra7 f6 42. Kc3 f5 43. Rf7 f4 44. Kd3 Kg6 45. Rf8
Rf6 46. Rh8 f3 47. Rh1 Kf5 48. Ke3 g5 49. Rh5 Kg4 50. Rh1 Rf4 51. Rg1+ Kf5 52.
Rf1 Nc2+ 0-1

[Event "Detroit (MI Op/5/10)"]
[Site "?"]
[Date "1992.??.??"]
[Round "?"]
[White "Ciaffone, Bob"]
[Black "Wilson, Vester"]
[Result "1/2-1/2"]
[WhiteElo "2220"]
[BlackElo "2055"]
[PlyCount "86"]
[EventDate "1992.??.??"]

{5/(10)} 1. Nf3 Nf6 2. c4 c5 3. Nc3 Nc6 4. d4 cxd4 5. Nxd4 g6 6. e4 Bg7 7. Be3
O-O 8. Be2 Qc7 9. Rc1 Qb8 10. O-O Ne8 11. Qd2 f5 12. f4 fxe4 13. Nxe4 Nxd4 14.
Bxd4 Bxd4+ 15. Qxd4 Rxf4 16. Rxf4 Qxf4 17. Rf1 Qh6 18. c5 Qg7 19. Bc4+ e6 20.
Qe3 h6 21. Qf3 Rb8 22. Bd3 b6 23. Qg3 Ra8 24. h4 Bb7 25. Rf4 Rc8 26. Rg4 Bxe4
27. Bxe4 g5 28. cxb6 axb6 29. hxg5 h5 30. Rf4 Rc5 31. g6 Qd4+ 32. Qf2 Qxf2+ 33.
Kxf2 Nd6 34. Bd3 Rd5 35. Ke3 Kg7 36. g4 hxg4 37. Rxg4 Nf5+ 38. Bxf5 Rxf5 39. a4
Ra5 40. b3 b5 41. axb5 Ra3 42. Kd4 Rxb3 43. Kc5 d6+ 1/2-1/2

[Event "Detroit (MI Op/2/11)"]
[Site "?"]
[Date "1992.??.??"]
[Round "?"]
[White "Ciaffone, Bob"]
[Black "Skidmore, Jennifer"]
[Result "1-0"]
[WhiteElo "2220"]
[BlackElo "1925"]
[PlyCount "207"]
[EventDate "1992.??.??"]

{2/(11)} 1. Nf3 Nf6 2. c4 d6 3. d4 Bg4 4. Nc3 Nbd7 5. e4 e5 6. Be2 exd4 7. Nxd4
Bxe2 8. Qxe2 g6 9. O-O Bg7 10. Be3 O-O 11. Rad1 Re8 12. f3 a6 13. Qf2 Ne5 14.
b3 Nfd7 15. Nde2 b6 16. Rd2 Nc5 17. Rfd1 a5 18. Qf1 Qc8 19. Nd4 Kh8 20. Ndb5
Qb7 21. Nd5 Ne6 22. Ndxc7 Nxc7 23. Nxd6 Qc6 24. Nxe8 Qxe8 25. Bxb6 Ne6 26. Be3
Nc6 27. c5 Be5 28. f4 Bc3 29. Rd6 Ng7 30. Qc4 Bb4 31. Bf2 Rc8 32. Rf6 Kg8 33.
Rfd6 Ne6 34. g3 Ne7 35. Rxe6 fxe6 36. Qxe6+ Qf7 37. Qxf7+ Kxf7 38. Rc1 Ke6 39.
Kf1 Nc6 40. Rd1 Na7 41. Rd6+ Ke7 42. Rd5 Nc6 43. Ke2 Bc3 44. a3 Bb2 45. a4 Nb4
46. Rd6 Na2 47. Kf3 Ba3 48. Ra6 Bxc5 49. Rxa5 Bxf2 50. Kxf2 Rc7 51. Ke3 Nc1 52.
b4 Nb3 53. Rd5 Rc4 54. Kd3 Rxb4 55. Kc3 Rxa4 56. Re5+ Kf6 57. Kxb3 Ra1 58. Rd5
Rh1 59. Rd6+ Ke7 60. Rd2 Rc1 61. Rc2 Rb1+ 62. Kc3 Rd1 63. Rd2 Ra1 64. Kd3 Ra4
65. Ke3 Ke6 66. Re2 Kd6 67. Kf3 Ke6 68. g4 Ra3+ 69. Re3 Ra2 70. h3 Rb2 71. Kg3
Rb1 72. Ra3 Rb7 73. Ra6+ Ke7 74. e5 Rb3+ 75. Kh4 Rf3 76. Ra7+ Ke6 77. Rxh7 Rxf4
78. Kg5 Rf3 79. Kxg6 Kxe5 80. h4 Rf6+ 81. Kg5 Ra6 82. h5 Rc6 83. Re7+ Kd6 84.
Rf7 Rc5+ 85. Kg6 Rc8 86. g5 Ke6 87. h6 Rg8+ 88. Rg7 Rd8 89. h7 Ke5 90. Rg8 Rd6+
91. Kh5 Rd1 92. h8=Q+ Kf4 93. Rf8+ Ke4 94. Qf6 Rh1+ 95. Kg6 Rg1 96. Qe7+ Kd5
97. Rd8+ Kc6 98. Qd7+ Kc5 99. Qd4+ Kc6 100. Qxg1 Kc7 101. Rd2 Kc6 102. Qc1+ Kb5
103. Rb2+ Ka4 104. Qa1# 1-0

[Event "Detroit (MI Op/7/6)"]
[Site "?"]
[Date "1992.??.??"]
[Round "?"]
[White "Ciaffone, Bob"]
[Black "Knecht, Mark"]
[Result "0-1"]
[WhiteElo "2220"]
[BlackElo "2110"]
[PlyCount "70"]
[EventDate "1992.??.??"]

{7/(6)} 1. Nf3 d5 2. d4 e6 3. c4 c6 4. Qc2 Nf6 5. g3 Be7 6. Bg2 O-O 7. O-O Nbd7
8. b3 b6 9. Nc3 Bb7 10. e4 Rc8 11. Bg5 h6 12. Bxf6 Nxf6 13. Rad1 Qc7 14. Rfe1
Bb4 15. Nd2 c5 16. exd5 cxd4 17. Nb5 Qc5 18. Nxa7 Ra8 19. Nc6 Nxd5 20. Ne5 Ne3
21. fxe3 dxe3 22. Nd3 exd2+ 23. Nxc5 dxe1=Q+ 24. Rxe1 Bxg2 25. Kxg2 Bxe1 26.
Nd3 Ra3 27. Nxe1 Rfa8 28. Kh3 Rxa2 29. Qe4 R8a3 30. Nd3 Rd2 31. Ne5 Raa2 32.
Nf3 Re2 33. Qb7 f5 34. Kh4 Rxh2+ 35. Nxh2 Rxh2# 0-1

[Event "East Lansing (MI Am/4)"]
[Site "?"]
[Date "1992.??.??"]
[Round "?"]
[White "Choyke, J."]
[Black "Waite, Lawrence"]
[Result "1/2-1/2"]
[WhiteElo "1605"]
[BlackElo "1605"]
[PlyCount "64"]
[EventDate "1992.??.??"]

1. e4 c5 2. Nf3 Nc6 3. d4 cxd4 4. Nxd4 d6 5. Nc3 Nf6 6. f3 Qb6 7. Nb3 Be6 8.
Qe2 Bxb3 9. axb3 g6 10. Be3 Qd8 11. Qf2 a6 12. Bb6 Qc8 13. Nd5 Nxd5 14. exd5
Nd8 15. Bd4 f6 16. Bd3 Bg7 17. O-O O-O 18. Rfe1 e5 19. dxe6 Nxe6 20. Bc4 Re8
21. Rxe6 Rxe6 22. Re1 Kh8 23. Bxe6 Qc6 24. c4 Rd8 25. Bd5 Qd7 26. Qe3 h6 27.
Qe6 f5 28. Qxd7 Bxd4+ 29. Kf1 Rxd7 30. Re8+ Kg7 31. Rb8 b6 32. Rg8+ Kf6 1/2-1/2

[Event "East Lansing (MI Am/2)"]
[Site "?"]
[Date "1992.??.??"]
[Round "?"]
[White "Choyke, J."]
[Black "Snobeck, Michael"]
[Result "1-0"]
[WhiteElo "1605"]
[BlackElo "1605"]
[PlyCount "73"]
[EventDate "1992.??.??"]

1. e4 c5 2. Nf3 d6 3. d4 cxd4 4. Nxd4 Nf6 5. Nc3 a6 6. Bg5 e6 7. Qd2 Nc6 8.
O-O-O Be7 9. f4 Bd7 10. Be2 Rc8 11. Bf3 e5 12. Nb3 Be6 13. Bxf6 Bxf6 14. Qxd6
Qxd6 15. Rxd6 exf4 16. Ne2 Nb4 17. Nbd4 Nd3+ 18. Kb1 Be7 19. Rb6 Nc5 20. Nxe6
Nxe6 21. Rxb7 Bc5 22. Rd1 O-O 23. Nc3 Rfd8 24. Rxd8+ Rxd8 25. Nd5 Ng5 26. b4
Be3 27. c4 Ne6 28. c5 Nd4 29. Rb6 Kf8 30. Rxa6 Rc8 31. Nb6 Rd8 32. Ra8 Ke7 33.
Rxd8 Kxd8 34. Kb2 Kc7 35. Kc3 Kc6 36. a4 Ne6 37. e5+ 1-0